| 000 | 00695nam a22002057a 4500 | ||
|---|---|---|---|
| 999 |
_c11074 _d11074 |
||
| 003 | AR-CdUCM | ||
| 008 | 190402b ||||| |||| 00| 0 spa d | ||
| 040 |
_aMUNICIPALIDAD PROVINCIAL DEL CUSCO _cBIBLIOTECA MUNICIPAL DEL CUSCO |
||
| 082 |
_a868.79 / _bF38 / 1956 |
||
| 100 |
_aFernandez Flores, W. _928207 |
||
| 245 | _aMis paginas mejores / | ||
| 260 |
_aMadrid : _bCredos. _c1956. |
||
| 300 |
_a273 paginas ; _c19 cm. |
||
| 505 | _aContenido : Prefacio -- Novelas cortas y cuentos -- El ladrón de glándulas -- Unos pasos de mujer -- Huellas de luz ... | ||
| 650 |
_aLiteratura _9416 |
||
| 650 |
_aEspañola _924066 |
||
| 650 |
_aUniversal _918236 |
||
| 942 |
_2ddc _cLIBROS |
||
| 945 | _arah | ||